Extraña mujer (Record no. 141891)

MARC details
000 -LEADER
campo de control de longitud fija 00682nam a22002411 4500
001 - NÚMERO DE CONTROL
campo de control 141891
003 - IDENTIFICADOR DE NÚMERO DE CONTROL
campo de control ES-MaACL
005 - FECHA Y HORA DE LA ÚLTIMA TRANSACCIÓN
campo de control 20230906200407.0
007 - CAMPO FIJO DE DESCRIPCIÓN FÍSICA--INFORMACIÓN GENERAL
campo de control de longitud fija t|
008 - DATOS DE LONGITUD FIJA--INFORMACIÓN GENERAL
campo de control de longitud fija 071001s1957 sp ||||0| spa d
016 7# - NÚMERO DE CONTROL DE UNA AGENCIA BIBLIOGRÁFICA NACIONAL
Número de control cancelado/no válido IND2000946124
040 ## - FUENTE DE CATALOGACIÓN
Centro catalogador/agencia de origen M-BN
Lengua de catalogación spa
Centro/agencia transcriptor CDM
080 ## - NÚMERO DE LA CLASIFICACIÓN DECIMAL UNIVERSAL
Número de la Clasificación Decimal Universal 82-311.2"19"
100 1# - ENTRADA PRINCIPAL--NOMBRE DE PERSONA
Nombre de persona Williams, Ben Ames.
9 (RLIN) 116911
245 10 - MENCIÓN DEL TÍTULO
Título Extraña mujer
Resto del título : novela /
Mención de responsabilidad, etc. Ben Ames Williams ; [traducción por A. Bazán].
260 ## - PUBLICACIÓN, DISTRIBUCIÓN, ETC.
Lugar de publicación, distribución, etc. Barcelona :
Nombre del editor, distribuidor, etc. Planeta,
Fecha de publicación, distribución, etc. 1957.
300 ## - DESCRIPCIÓN FÍSICA
Extensión 456 p. ;
Dimensiones 19 cm.
490 1# - MENCIÓN DE SERIE
Mención de serie Luyve ;
Designación de volumen o secuencia 31
700 1# - ENTRADA AGREGADA--NOMBRE PERSONAL
Nombre de persona Bazán, Armando.
9 (RLIN) 26731
830 0# - PUNTO DE ACCESO ADICIONAL DE SERIE-TÍTULO UNIFORME
Título uniforme Luyve ;
Designación de volumen o secuencia 31
9 (RLIN) 181395
852 ## - LOCALIZACIÓN
Ubicación ES-MaACL
Número de control de estantería C-13731
Sublocalización o colección R.41647
Holdings
Estatus retirado Estado de pérdida Estado de daño No para préstamo Biblioteca de origen Biblioteca actual Ubicación en estantería Fecha de adquisición Fuente de adquisición Total de préstamos Signatura topográfica completa Código de barras Visto por última vez Precio de reemplazo Tipo de ítem Koha
        Biblioteca del Ateneo de Madrid Biblioteca del Ateneo de Madrid Sala Palomar 17/01/2008     C-13731 1147640 23/02/2023 23/02/2023 Libro impreso